[Event "13th World Teams Play-off"]
[Site "Jerusalem ISR"]
[Date "2022.11.23"]
[Round "1.2"]
[White "Moussard, Jules"]
[Black "Nihal, Sarin"]
[Result "1/2-1/2"]
[WhiteElo "2676"]
[BlackElo "2670"]
[PlyCount "100"]
[EventDate "2022.11.23"]
[SourceTitle "Ajedrez en Madrid"]
[Source "lmi"]
[SourceDate "2022.11.20"]
[SourceVersion "1"]
[SourceVersionDate "2022.11.25"]
[SourceQuality "1"]
[WhiteTeam "France"]
[BlackTeam "India"]
[WhiteTeamCountry "FRA"]
[BlackTeamCountry "IND"]

1. e4 e5 2. Nf3 Nc6 3. Bb5 a6 4. Ba4 Nf6 5. O-O Be7 6. Re1 b5 7. Bb3 O-O 8. h3 Bb7 9. d3 d5 10. exd5 Nxd5 11. Nbd2 Qd7 12. a4 f6 13. c3 Kh8 14. axb5 axb5 15. Rxa8 Bxa8 16. Ne4 b4 17. Bd2 bxc3 18. bxc3 Nd8 19. d4 exd4 20. Nxd4 Nc6 21. Nf3 Ne5 22. Nxe5 fxe5 23. Qh5 Nf6 24. Nxf6 Bxf6 25. Bc2 e4 26. Qc5 Rc8 27. Be3 Qc6 28. Qxc6 Bxc6 29. Bd4 Bxd4 30. cxd4 h6 31. Bxe4 Bxe4 32. Rxe4 c5 33. dxc5 Rxc5 34. Kh2 Kg8 35. f4 Kf7 36. Kg3 g5 37. Kf3 gxf4 38. Rxf4+ Kg6 39. Re4 Rf5+ 40. Kg3 Ra5 41. Re6+ Kg7 42. Kf4 Ra3 43. Re3 Ra5 44. g4 Kf6 45. h4 Ra4+ 46. Re4 Ra1 47. Rc4 Rf1+ 48. Ke4 Re1+ 49. Kd5 Rd1+ 50. Ke4 Re1+ 1/2-1/2

[Event "13th World Teams Play-off"]
[Site "Jerusalem ISR"]
[Date "2022.11.23"]
[Round "1.2"]
[White "Narayanan, S.L."]
[Black "Fressinet, Laurent"]
[Result "0-1"]
[WhiteElo "2673"]
[BlackElo "2622"]
[PlyCount "86"]
[EventDate "2022.11.23"]
[SourceTitle "Ajedrez en Madrid"]
[Source "lmi"]
[SourceDate "2022.11.20"]
[SourceVersion "1"]
[SourceVersionDate "2022.11.25"]
[SourceQuality "1"]
[WhiteTeam "India"]
[BlackTeam "France"]
[WhiteTeamCountry "IND"]
[BlackTeamCountry "FRA"]

1. e4 e5 2. Nf3 Nc6 3. Bc4 Nf6 4. d3 Bc5 5. a4 d6 6. a5 a6 7. O-O Ba7 8. c3 Ne7 9. Re1 O-O 10. Nbd2 Ng6 11. d4 c6 12. Bb3 exd4 13. cxd4 d5 14. e5 Nh5 15. Bc2 f6 16. Nb3 Nhf4 17. Bxg6 Nxg6 18. exf6 Qxf6 19. Bg5 Qf7 20. Qd2 Bb8 21. Ne5 Bxe5 22. dxe5 h6 23. Be3 Nh4 24. Qe2 Qg6 25. f4 Bh3 26. g3 Bg4 27. Qf2 Nf3+ 28. Kh1 Nxe5 29. Nc5 Bf3+ 30. Kg1 Be4 31. Red1 Nf3+ 32. Kf1 Qh5 33. h4 Rae8 34. Nxe4 Rxe4 35. Rd3 Ne5 36. Rb3 Ng4 37. Qd2 Rfe8 38. Bd4 Nh2+ 39. Qxh2 Rxd4 40. Qc2 Rde4 41. Qc3 Qe2+ 42. Kg1 Re3 43. Qb4 Rxb3 0-1

[Event "13th World Teams Play-off"]
[Site "Jerusalem ISR"]
[Date "2022.11.23"]
[Round "1.2"]
[White "Gharamian, Tigran"]
[Black "Sasikiran, Krishnan"]
[Result "1/2-1/2"]
[WhiteElo "2601"]
[BlackElo "2636"]
[PlyCount "64"]
[EventDate "2022.11.23"]
[SourceTitle "Ajedrez en Madrid"]
[Source "lmi"]
[SourceDate "2022.11.20"]
[SourceVersion "1"]
[SourceVersionDate "2022.11.25"]
[SourceQuality "1"]
[WhiteTeam "France"]
[BlackTeam "India"]
[WhiteTeamCountry "FRA"]
[BlackTeamCountry "IND"]

1. e4 e5 2. Nf3 Nc6 3. Bb5 Nf6 4. d3 Bc5 5. Bxc6 dxc6 6. Nc3 Nd7 7. O-O O-O 8. Be3 Bd6 9. Nd2 Nc5 10. Nc4 Ne6 11. Ne2 f5 12. exf5 Rxf5 13. Ng3 Rf7 14. Qd2 b5 15. Nxd6 cxd6 16. f4 exf4 17. Bxf4 c5 18. Ne4 d5 19. Bg5 Qd7 20. Rxf7 Qxf7 21. Nd6 Qg6 22. Bh4 Nd4 23. Bg3 Bg4 24. Re1 Rf8 25. c3 Nf5 26. Nxf5 Bxf5 27. d4 c4 28. Rf1 h6 29. Be5 Be4 30. Rxf8+ Kxf8 31. Qf2+ Kg8 32. Qg3 Qxg3 1/2-1/2

[Event "13th World Teams Play-off"]
[Site "Jerusalem ISR"]
[Date "2022.11.23"]
[Round "1.3"]
[White "Vidit, Santosh Gujrathi"]
[Black "Vachier-Lagrave, Maxime"]
[Result "1/2-1/2"]
[WhiteElo "2724"]
[BlackElo "2736"]
[PlyCount "89"]
[EventDate "2022.11.23"]
[SourceTitle "Ajedrez en Madrid"]
[Source "lmi"]
[SourceDate "2022.11.20"]
[SourceVersion "1"]
[SourceVersionDate "2022.11.25"]
[SourceQuality "1"]
[WhiteTeam "India"]
[BlackTeam "France"]
[WhiteTeamCountry "IND"]
[BlackTeamCountry "FRA"]

1. Nf3 c5 2. c4 Nf6 3. Nc3 Nc6 4. e3 e6 5. d4 d5 6. a3 dxc4 7. Bxc4 a6 8. Bd3 b6 9. dxc5 Bxc5 10. b4 Be7 11. Bb2 Bb7 12. O-O O-O 13. Rc1 Rc8 14. Qe2 b5 15. Rfd1 Qb6 16. Ne4 Nxe4 17. Bxe4 Rfd8 18. h4 h6 19. h5 Rxd1+ 20. Rxd1 Rd8 21. Rc1 Bf8 22. Bb1 Ne7 23. Bd4 Qd6 24. Bc5 Qd5 25. Qc2 Qf5 26. Qxf5 Nxf5 27. Bxf8 Bxf3 28. gxf3 Kxf8 29. Bxf5 exf5 30. Rc6 f4 31. exf4 Rd5 32. Rxa6 Rxh5 33. Ra5 g6 34. Kg2 Rf5 35. Kg3 h5 36. Ra7 Rd5 37. Rc7 Rd3 38. Rc5 Rxa3 39. Rxb5 Kg7 40. Rc5 Rb3 41. b5 Rb4 42. Rd5 Kf6 43. Rc5 Kg7 44. Rd5 Kf6 45. Rc5 1/2-1/2

[Event "13th World Teams Play-off"]
[Site "Jerusalem ISR"]
[Date "2022.11.23"]
[Round "1.3"]
[White "Moussard, Jules"]
[Black "Nihal, Sarin"]
[Result "0-1"]
[WhiteElo "2676"]
[BlackElo "2670"]
[PlyCount "159"]
[EventDate "2022.11.23"]
[SourceTitle "Ajedrez en Madrid"]
[Source "lmi"]
[SourceDate "2022.11.20"]
[SourceVersion "1"]
[SourceVersionDate "2022.11.25"]
[SourceQuality "1"]
[WhiteTeam "France"]
[BlackTeam "India"]
[WhiteTeamCountry "FRA"]
[BlackTeamCountry "IND"]

1. e4 g6 2. d4 Bg7 3. Nc3 d6 4. Be3 a6 5. h4 h6 6. Qd2 Nd7 7. O-O-O b5 8. Kb1 Bb7 9. f3 Rc8 10. Nh3 c5 11. dxc5 Nxc5 12. Bd4 Nf6 13. a3 Ne6 14. Be3 Nd7 15. Nd5 Ndc5 16. c3 Na4 17. Rc1 Nec5 18. Qd1 Bxd5 19. exd5 Nxb2 20. Kxb2 Na4+ 21. Ka2 Nxc3+ 22. Rxc3 Rxc3 23. Bd2 Qa5 24. Bxc3 Qxc3 25. Qb1 Qd2+ 26. Kb3 Qxd5+ 27. Kc2 O-O 28. Bd3 Rc8+ 29. Kd2 Rc3 30. Nf4 Qc5 31. Ne2 Rxa3 32. Rc1 Qd5 33. h5 Qg5+ 34. f4 Qxh5 35. Qb4 Ra2+ 36. Rc2 Rxc2+ 37. Kxc2 Qd5 38. g3 e6 39. Qa3 Qc6+ 40. Kd1 Bf6 41. Qb4 Kg7 42. g4 Qf3 43. Qxd6 Qxg4 44. Qxa6 b4 45. Qc4 h5 46. Qxb4 h4 47. Qe4 h3 48. Qh1 Be7 49. Be4 Bd6 50. Qf3 Qh4 51. Kd2 h2 52. Kd3 f5 53. Ba8 e5 54. fxe5 Bxe5 55. Qg2 Qa4 56. Qb7+ Kh6 57. Qc6 Qb3+ 58. Kd2 Qb2+ 59. Kd3 Qb3+ 60. Kd2 Qb2+ 61. Kd3 Qa3+ 62. Kd2 Qa2+ 63. Kd3 Qa7 64. Qg2 Qa3+ 65. Kc4 Qe3 66. Bf3 Kg7 67. Kd5 Kf6 68. Kc4 g5 69. Ba8 g4 70. Qc6+ Kg5 71. Qg2 f4 72. Qf1 f3 73. Nc1 Qg1 74. Qd3 Qxc1+ 75. Kd5 Qf4 76. Qh7 Qd4+ 77. Kc6 Qd6+ 78. Kb5 Qb8+ 79. Bb7 h1=Q 80. Qg7+ 0-1

[Event "13th World Teams Play-off"]
[Site "Jerusalem ISR"]
[Date "2022.11.23"]
[Round "1.3"]
[White "Narayanan, S.L."]
[Black "Fressinet, Laurent"]
[Result "1-0"]
[WhiteElo "2673"]
[BlackElo "2622"]
[PlyCount "129"]
[EventDate "2022.11.23"]
[SourceTitle "Ajedrez en Madrid"]
[Source "lmi"]
[SourceDate "2022.11.20"]
[SourceVersion "1"]
[SourceVersionDate "2022.11.25"]
[SourceQuality "1"]
[WhiteTeam "India"]
[BlackTeam "France"]
[WhiteTeamCountry "IND"]
[BlackTeamCountry "FRA"]

1. d4 Nf6 2. c4 e6 3. Nf3 d5 4. Nc3 Be7 5. e3 O-O 6. b3 c5 7. cxd5 cxd4 8. Qxd4 Nxd5 9. Nxd5 exd5 10. Bb2 Bf6 11. Qd2 Nc6 12. Be2 Bxb2 13. Qxb2 Qa5+ 14. Qd2 Qxd2+ 15. Kxd2 Rd8 16. Nd4 Nxd4 17. exd4 Bf5 18. g4 Be4 19. f3 Bg6 20. Rhc1 Rac8 21. b4 Kf8 22. Rc5 b6 23. Rcc1 Ke7 24. Ba6 Rxc1 25. Rxc1 f6 26. Bb5 Be8 27. Re1+ Kf7 28. Bd3 Bd7 29. h4 g6 30. h5 Rc8 31. b5 Re8 32. Rh1 Kg7 33. Rc1 Rc8 34. Re1 Re8 35. Rh1 Rc8 36. a4 Rb8 37. Rc1 Rc8 38. Re1 Re8 39. Rc1 Rc8 40. Rh1 Rb8 41. h6+ Kf7 42. a5 bxa5 43. Rc1 Bxb5 44. Rc7+ Ke6 45. Bxb5 Rxb5 46. Rxh7 Rb2+ 47. Ke3 Rh2 48. Rh8 g5 49. h7 Kf7 50. Ra8 Rxh7 51. Rxa7+ Kg6 52. Rxh7 Kxh7 53. Kd3 Kg7 54. Kc3 Kf7 55. Kb3 Ke7 56. Ka4 Kd7 57. Kxa5 Kc7 58. Kb5 Kd6 59. Kb6 Kd7 60. Kc5 Ke6 61. Kc6 f5 62. Kc5 fxg4 63. fxg4 Ke7 64. Kxd5 Kd7 65. Ke5 1-0

[Event "13th World Teams Play-off"]
[Site "Jerusalem ISR"]
[Date "2022.11.23"]
[Round "1.3"]
[White "Lagarde, Maxime"]
[Black "Sasikiran, Krishnan"]
[Result "1-0"]
[WhiteElo "2573"]
[BlackElo "2636"]
[PlyCount "109"]
[EventDate "2022.11.23"]
[SourceTitle "Ajedrez en Madrid"]
[Source "lmi"]
[SourceDate "2022.11.20"]
[SourceVersion "1"]
[SourceVersionDate "2022.11.25"]
[SourceQuality "1"]
[WhiteTeam "France"]
[BlackTeam "India"]
[WhiteTeamCountry "FRA"]
[BlackTeamCountry "IND"]

1. c4 c6 2. Nf3 d5 3. e3 Nf6 4. b3 Bg4 5. Bb2 Nbd7 6. h3 Bh5 7. Be2 e6 8. Nc3 a6 9. d3 Bd6 10. g4 Bg6 11. h4 h6 12. h5 Bh7 13. g5 hxg5 14. Nxg5 Qe7 15. Qd2 O-O-O 16. O-O-O Kb8 17. Rdg1 e5 18. cxd5 cxd5 19. Nxh7 Rxh7 20. Kb1 Bb4 21. d4 Rc8 22. Rc1 Ne4 23. Qd3 Bxc3 24. Bxc3 Rxc3 25. Rxc3 Nxc3+ 26. Qxc3 exd4 27. Qxd4 Qe4+ 28. Qxe4 dxe4 29. Rh4 Nf6 30. Rf4 Kc7 31. Rf5 Kd6 32. Kb2 Rh8 33. Rg5 Ke7 34. a4 g6 35. hxg6 fxg6 36. Rxg6 Rh2 37. Bc4 Rxf2+ 38. Kc3 Kd6 39. a5 Ke5 40. Rg7 Rf3 41. Re7+ Kf5 42. Kd4 Rf2 43. Rxb7 Rd2+ 44. Kc3 Rd1 45. Rb6 Nd5+ 46. Bxd5 Rxd5 47. Rxa6 Rd3+ 48. Kc4 Rxe3 49. Ra8 Re1 50. a6 e3 51. Kd3 Rb1 52. a7 Rxb3+ 53. Ke2 Ra3 54. Rf8+ Ke5 55. a8=Q 1-0

[Event "13th World Teams Play-off"]
[Site "Jerusalem ISR"]
[Date "2022.11.24"]
[Round "2.1"]
[White "Santos Latasa, Jaime"]
[Black "Lu, Shanglei"]
[Result "1/2-1/2"]
[WhiteElo "2665"]
[BlackElo "2605"]
[PlyCount "131"]
[EventDate "2022.11.23"]
[SourceTitle "Ajedrez en Madrid"]
[Source "lmi"]
[SourceDate "2022.11.20"]
[SourceVersion "1"]
[SourceVersionDate "2022.11.25"]
[SourceQuality "1"]
[WhiteTeam "Spain"]
[BlackTeam "China"]
[WhiteTeamCountry "ESP"]
[BlackTeamCountry "CHN"]

1. d4 Nf6 2. c4 e6 3. Nf3 d5 4. Nc3 dxc4 5. e4 Bb4 6. Bxc4 Nxe4 7. O-O Nxc3 8. bxc3 Be7 9. Qc2 Nd7 10. Re1 O-O 11. Bd3 g6 12. Bh6 Re8 13. Rad1 Bf8 14. Bg5 Be7 15. h4 Bxg5 16. hxg5 b6 17. Qd2 Bb7 18. Nh2 h6 19. gxh6 Qh4 20. Bb5 c6 21. Nf3 Qg4 22. Bf1 c5 23. Ng5 Nf6 24. Qe3 Rad8 25. Qe5 Qf5 26. Bd3 Qxe5 27. dxe5 Ng4 28. Bxg6 Nxh6 29. Be4 Bxe4 30. Nxe4 Kg7 31. f3 Nf5 32. Kf2 Ne7 33. Nf6 Rh8 34. f4 Ng6 35. Kf3 Nh4+ 36. Kg3 Nf5+ 37. Kf2 Ne7 38. Kf3 Nc6 39. Ne4 Na5 40. Nd6 Kf8 41. Rh1 Ke7 42. g4 Nc6 43. g5 Rdg8 44. Ne4 Rd8 45. Rxd8 Rxh1 46. Rg8 Rd1 47. Rh8 Rd8 48. Rh7 Kf8 49. Ke2 c4 50. Nd6 Kg8 51. Rh6 Ne7 52. Rh8+ Kxh8 53. Nxf7+ Kg7 54. Nxd8 Kg6 55. Kf3 Kf5 56. Nf7 Nd5 57. Nd6+ Kg6 58. Nxc4 Nxc3 59. a3 b5 60. Nd6 a5 61. Ke3 b4 62. axb4 axb4 63. Kd4 Ne2+ 64. Ke3 Nc3 65. Kd4 Ne2+ 66. Ke4 1/2-1/2

[Event "13th World Teams Play-off"]
[Site "Jerusalem ISR"]
[Date "2022.11.24"]
[Round "2.1"]
[White "Xu, Xiangyu"]
[Black "Anton Guijarro, David"]
[Result "0-1"]
[WhiteElo "2577"]
[BlackElo "2668"]
[PlyCount "96"]
[EventDate "2022.11.23"]
[SourceTitle "Ajedrez en Madrid"]
[Source "lmi"]
[SourceDate "2022.11.20"]
[SourceVersion "1"]
[SourceVersionDate "2022.11.25"]
[SourceQuality "1"]
[WhiteTeam "China"]
[BlackTeam "Spain"]
[WhiteTeamCountry "CHN"]
[BlackTeamCountry "ESP"]

1. c4 e5 2. g3 Nc6 3. Bg2 g6 4. Nc3 Bg7 5. Rb1 a5 6. d3 d6 7. e3 h5 8. Nf3 Bf5 9. h3 Qc8 10. e4 Bd7 11. Be3 Nge7 12. Qd2 Nd4 13. Bxd4 exd4 14. Nb5 Bxb5 15. cxb5 Qd7 16. a4 c6 17. bxc6 Nxc6 18. O-O Nb4 19. b3 Rc8 20. Ne1 O-O 21. f4 Rc3 22. Rf2 Rfc8 23. Qd1 Qc7 24. Bf3 Rc1 25. Rxc1 Qxc1 26. Kf1 h4 27. gxh4 Bf6 28. Qxc1 Rxc1 29. Rd2 Bxh4 30. Bd1 Bxe1 31. Kxe1 Rc3 32. Ke2 Kg7 33. e5 dxe5 34. fxe5 Rc5 35. Kf2 Rxe5 36. Be2 Re3 37. Bf1 b6 38. Rd1 f5 39. h4 Kh6 40. Be2 Nd5 41. Bf1 Nf4 42. b4 Kh5 43. b5 Kxh4 44. Rc1 g5 45. Rc4 Nxd3+ 46. Bxd3 Rxd3 47. Rc6 Ra3 48. Rxb6 Rxa4 0-1

[Event "13th World Teams Play-off"]
[Site "Jerusalem ISR"]
[Date "2022.11.24"]
[Round "2.1"]
[White "Shirov, Alexei"]
[Black "Bai, Jinshi"]
[Result "1/2-1/2"]
[WhiteElo "2666"]
[BlackElo "2569"]
[PlyCount "85"]
[EventDate "2022.11.23"]
[SourceTitle "Ajedrez en Madrid"]
[Source "lmi"]
[SourceDate "2022.11.20"]
[SourceVersion "1"]
[SourceVersionDate "2022.11.25"]
[SourceQuality "1"]
[WhiteTeam "Spain"]
[BlackTeam "China"]
[WhiteTeamCountry "ESP"]
[BlackTeamCountry "CHN"]

1. e4 c5 2. Nf3 e6 3. d4 cxd4 4. Nxd4 Nf6 5. Nc3 Nc6 6. Nxc6 bxc6 7. e5 Nd5 8. Ne4 Bb7 9. c4 Nb4 10. c5 Qb8 11. f4 Ba6 12. Be2 Bxe2 13. Qxe2 Nd5 14. O-O Qb5 15. Qxb5 cxb5 16. Bd2 f5 17. exf6 Nxf6 18. Nxf6+ gxf6 19. b4 a5 20. a3 Be7 21. Be3 Kf7 22. Rfd1 Rhc8 23. Kf2 h5 24. f5 exf5 25. Rxd7 axb4 26. Re1 bxa3 27. Bd4 Re8 28. c6 Ra4 29. Bc5 Re4 30. Rxe4 fxe4 31. Bxa3 Ke6 32. Bxe7 Rxe7 33. Rb7 Kd6 34. Rxb5 h4 35. Rf5 Kxc6 36. Rxf6+ Kd5 37. Ke3 Rg7 38. Rf5+ Ke6 39. Rf2 Ke5 40. Ra2 Rd7 41. Ra5+ Rd5 42. Rxd5+ Kxd5 43. g4 1/2-1/2

[Event "13th World Teams Play-off"]
[Site "Jerusalem ISR"]
[Date "2022.11.24"]
[Round "2.1"]
[White "Li, Di"]
[Black "Santos Ruiz, Miguel"]
[Result "1-0"]
[WhiteElo "2539"]
[BlackElo "2587"]
[PlyCount "87"]
[EventDate "2022.11.23"]
[SourceTitle "Ajedrez en Madrid"]
[Source "lmi"]
[SourceDate "2022.11.20"]
[SourceVersion "1"]
[SourceVersionDate "2022.11.25"]
[SourceQuality "1"]
[WhiteTeam "China"]
[BlackTeam "Spain"]
[WhiteTeamCountry "CHN"]
[BlackTeamCountry "ESP"]

1. Nf3 d5 2. g3 g6 3. Bg2 Bg7 4. d4 Nf6 5. O-O O-O 6. c4 c6 7. Ne5 Ng4 8. cxd5 cxd5 9. Bf4 Nc6 10. Nxc6 bxc6 11. h3 Nf6 12. Nc3 Nh5 13. Bg5 f6 14. Bd2 f5 15. e3 Nf6 16. Qc2 Bd7 17. Rfd1 Ne4 18. Be1 e5 19. dxe5 Bxe5 20. Rac1 Qe7 21. Ne2 Rac8 22. h4 Rfe8 23. b4 Qf7 24. Qb3 h6 25. Nf4 g5 26. hxg5 hxg5 27. Nd3 Bg7 28. Nc5 Nxc5 29. Rxc5 f4 30. exf4 gxf4 31. b5 fxg3 32. Qxg3 cxb5 33. Rcxd5 Bf5 34. Rxb5 Qg6 35. Qxg6 Bxg6 36. Bb4 Rb8 37. Bd5+ Bf7 38. Bxf7+ Kxf7 39. Rd7+ Kg6 40. Rxb8 Rxb8 41. a3 Ra8 42. Rd5 Bf6 43. Kg2 Rc8 44. Kf3 1-0

[Event "13th World Teams Play-off"]
[Site "Jerusalem ISR"]
[Date "2022.11.24"]
[Round "2.1"]
[White "Yakubboev, Nodirbek"]
[Black "Vidit, Santosh Gujrathi"]
[Result "1/2-1/2"]
[WhiteElo "2667"]
[BlackElo "2724"]
[PlyCount "148"]
[EventDate "2022.11.23"]
[SourceTitle "Ajedrez en Madrid"]
[Source "lmi"]
[SourceDate "2022.11.20"]
[SourceVersion "1"]
[SourceVersionDate "2022.11.25"]
[SourceQuality "1"]
[WhiteTeam "Uzbekistan"]
[BlackTeam "India"]
[WhiteTeamCountry "UZB"]
[BlackTeamCountry "IND"]

1. d4 Nf6 2. c4 e6 3. Nc3 Bb4 4. e3 O-O 5. Bd3 d5 6. a3 Bxc3+ 7. bxc3 dxc4 8. Bxc4 c5 9. Ne2 Qc7 10. Bd3 Nc6 11. f4 Rd8 12. O-O b6 13. Ng3 Bb7 14. Bb2 Rac8 15. Qe2 Rd7 16. Rad1 Qd8 17. h3 h6 18. Kh2 Rcc7 19. Qf2 Kh8 20. Rfe1 a6 21. Bb1 Na5 22. e4 Nc4 23. Bc1 cxd4 24. cxd4 Ng8 25. Nh5 f6 26. d5 e5 27. Ng3 Ne7 28. fxe5 fxe5 29. Bd3 Rd6 30. Rf1 b5 31. Qe1 Bc8 32. a4 Ng6 33. Nh5 Kh7 34. axb5 axb5 35. Rf3 Qh4 36. Qxh4 Nxh4 37. Rf2 b4 38. Bb2 Nxb2 39. Rxb2 Rb6 40. Ng3 Ng6 41. Ne2 Nf8 42. Rdb1 Rcb7 43. Nc1 Nd7 44. Rc2 Rb8 45. Nb3 Nf6 46. Nc5 Kg8 47. Kg3 Kf8 48. Kf3 Ke7 49. Ke3 Ne8 50. Na4 R6b7 51. Nc5 Rc7 52. Nb3 Rxc2 53. Bxc2 Nd6 54. Ra1 Nc4+ 55. Ke2 Na3 56. Bd3 Bd7 57. Kd2 Rf8 58. Rf1 Rxf1 59. Bxf1 Kd6 60. Bd3 Ba4 61. Na5 Kc7 62. Nc4 Nxc4+ 63. Bxc4 Kd6 64. Be2 Kc5 65. Bg4 Bb5 66. Bf5 Bf1 67. g3 Bb5 68. Kc2 Bc4 69. h4 g5 70. hxg5 hxg5 71. Kb2 Kd6 72. Kc2 Kc5 73. Kb2 Kd6 74. Kc2 Kc5 1/2-1/2

[Event "13th World Teams Play-off"]
[Site "Jerusalem ISR"]
[Date "2022.11.24"]
[Round "2.1"]
[White "Nihal, Sarin"]
[Black "Sindarov, Javokhir"]
[Result "1/2-1/2"]
[WhiteElo "2670"]
[BlackElo "2654"]
[PlyCount "66"]
[EventDate "2022.11.23"]
[SourceTitle "Ajedrez en Madrid"]
[Source "lmi"]
[SourceDate "2022.11.20"]
[SourceVersion "1"]
[SourceVersionDate "2022.11.25"]
[SourceQuality "1"]
[WhiteTeam "India"]
[BlackTeam "Uzbekistan"]
[WhiteTeamCountry "IND"]
[BlackTeamCountry "UZB"]

1. Nf3 Nf6 2. g3 g6 3. Bg2 Bg7 4. O-O O-O 5. d4 d5 6. c3 Nbd7 7. a4 a5 8. Re1 Re8 9. Bf4 c6 10. Qc1 Ne4 11. Nbd2 Nxd2 12. Qxd2 Nf6 13. Bh6 Bf5 14. Bxg7 Kxg7 15. Ne5 Ne4 16. Bxe4 dxe4 17. Nc4 e5 18. dxe5 Qxd2 19. Nxd2 Rxe5 20. Nc4 Re7 21. Nd6 Rd8 22. Nxf5+ gxf5 23. b4 axb4 24. cxb4 Rd2 25. a5 Re5 26. a6 bxa6 27. Rxa6 Rb5 28. Rxc6 Rxb4 29. Kf1 Rbb2 30. Rcc1 Ra2 31. Rcd1 Rdc2 32. Rc1 Rd2 33. Rcd1 Rdc2 1/2-1/2

[Event "13th World Teams Play-off"]
[Site "Jerusalem ISR"]
[Date "2022.11.24"]
[Round "2.1"]
[White "Sethuraman, S.P."]
[Black "Vakhidov, Jakhongir"]
[Result "0-1"]
[WhiteElo "2643"]
[BlackElo "2607"]
[PlyCount "122"]
[EventDate "2022.11.23"]
[SourceTitle "Ajedrez en Madrid"]
[Source "lmi"]
[SourceDate "2022.11.20"]
[SourceVersion "1"]
[SourceVersionDate "2022.11.25"]
[SourceQuality "1"]
[WhiteTeam "India"]
[BlackTeam "Uzbekistan"]
[WhiteTeamCountry "IND"]
[BlackTeamCountry "UZB"]

1. e4 c5 2. Nf3 Nc6 3. d4 cxd4 4. Nxd4 g6 5. c4 Bg7 6. Be3 Qb6 7. Nb3 Qd8 8. Qd2 Nf6 9. Nc3 Ng4 10. Bf4 d6 11. h3 Nf6 12. Bh6 O-O 13. Bxg7 Kxg7 14. O-O-O Qb6 15. g4 Be6 16. f4 a5 17. f5 a4 18. Na1 Bd7 19. Nc2 Qc5 20. Be2 Ne5 21. g5 Nh5 22. Bxh5 gxh5 23. f6+ exf6 24. Qf4 Be6 25. Rhg1 Nd3+ 26. Rxd3 Qxg1+ 27. Nd1 Qxg5 28. Rg3 Bg4 29. Qe3 Rac8 30. hxg4 hxg4 31. Kb1 Qxe3 32. Ncxe3 h5 33. Nf5+ Kh7 34. Nde3 Rce8 35. Nxd6 Re6 36. Nef5 b6 37. Rg1 Kg6 38. Kc2 Kg5 39. Rd1 h4 40. Ne3 h3 41. Rd5+ Re5 42. Rd1 Re6 43. Rd5+ Kf4 44. Kd3 Re5 45. Ke2 Rxd5 46. Nxd5+ Ke5 47. Nf5 Kxe4 48. Ng3+ Ke5 49. Nxb6 Rd8 50. c5 Kf4 51. Nh5+ Kg5 52. Ng3 Rb8 53. Nc4 f5 54. c6 f4 55. Ne4+ Kh4 56. Kf1 g3 57. Ned2 f6 58. Nd6 h2 59. Kg2 Rxb2 60. N6c4 f3+ 61. Kh1 Kh3 0-1

[Event "13th World Teams Play-off"]
[Site "Jerusalem ISR"]
[Date "2022.11.24"]
[Round "2.2"]
[White "Lu, Shanglei"]
[Black "Santos Latasa, Jaime"]
[Result "1-0"]
[WhiteElo "2605"]
[BlackElo "2665"]
[PlyCount "103"]
[EventDate "2022.11.23"]
[SourceTitle "Ajedrez en Madrid"]
[Source "lmi"]
[SourceDate "2022.11.20"]
[SourceVersion "1"]
[SourceVersionDate "2022.11.25"]
[SourceQuality "1"]
[WhiteTeam "China"]
[BlackTeam "Spain"]
[WhiteTeamCountry "CHN"]
[BlackTeamCountry "ESP"]

1. e4 e6 2. d4 d5 3. e5 c5 4. c3 Nc6 5. Nf3 Qb6 6. a3 Nh6 7. Bd3 cxd4 8. cxd4 Bd7 9. Bc2 Nf5 10. Bxf5 exf5 11. Nc3 Be6 12. b4 h6 13. h4 Be7 14. Qd3 a6 15. Be3 O-O 16. O-O Rac8 17. Rfc1 Qd8 18. Na4 Rc7 19. Nc5 Qc8 20. Bd2 Nb8 21. Na4 Nd7 22. Rxc7 Qxc7 23. Rc1 Qb8 24. Qc3 Bd8 25. Nc5 Nb6 26. Bf4 Be7 27. Nxe6 fxe6 28. Qc7 Qxc7 29. Rxc7 Bd8 30. Rxb7 Nc4 31. a4 a5 32. Bd2 Rf7 33. Rb8 Rf8 34. h5 Bb6 35. Rxf8+ Kxf8 36. bxa5 Bxa5 37. Bxa5 Nxa5 38. Kf1 Ke7 39. Ke2 Nc4 40. Nd2 Nb2 41. a5 Kd7 42. Nb3 Na4 43. Nc5+ Nxc5 44. dxc5 Kc6 45. a6 Kc7 46. Kd3 Kc6 47. Kd4 Kc7 48. Kc3 Kc6 49. Kb4 Kc7 50. Kb5 f4 51. f3 Kc8 52. c6 1-0

[Event "13th World Teams Play-off"]
[Site "Jerusalem ISR"]
[Date "2022.11.24"]
[Round "2.2"]
[White "Anton Guijarro, David"]
[Black "Xu, Xiangyu"]
[Result "1/2-1/2"]
[WhiteElo "2668"]
[BlackElo "2577"]
[PlyCount "67"]
[EventDate "2022.11.23"]
[SourceTitle "Ajedrez en Madrid"]
[Source "lmi"]
[SourceDate "2022.11.20"]
[SourceVersion "1"]
[SourceVersionDate "2022.11.25"]
[SourceQuality "1"]
[WhiteTeam "Spain"]
[BlackTeam "China"]
[WhiteTeamCountry "ESP"]
[BlackTeamCountry "CHN"]

1. e4 c5 2. Nf3 e6 3. c3 Nf6 4. e5 Nd5 5. d4 cxd4 6. cxd4 b6 7. Bd2 Bb7 8. Bd3 d6 9. Nc3 Nd7 10. Ne4 dxe5 11. Nxe5 Nxe5 12. dxe5 Be7 13. Qa4+ Kf8 14. Rd1 Qc7 15. f4 g6 16. Rc1 Qd8 17. Nd6 Bxd6 18. exd6 Qxd6 19. Qd4 f6 20. Be4 Kg7 21. O-O Rac8 22. a3 Rxc1 23. Rxc1 Rc8 24. Rxc8 Bxc8 25. Kf2 Kf7 26. g3 Qc5 27. Qxc5 bxc5 28. Bxd5 exd5 29. b4 cxb4 30. Bxb4 Bh3 31. Bc3 a6 32. Ke3 Ke6 33. Bd4 h5 34. Bc3 1/2-1/2

[Event "13th World Teams Play-off"]
[Site "Jerusalem ISR"]
[Date "2022.11.24"]
[Round "2.2"]
[White "Yuffa, Daniil"]
[Black "Li, Di"]
[Result "1/2-1/2"]
[WhiteElo "2587"]
[BlackElo "2539"]
[PlyCount "109"]
[EventDate "2022.11.23"]
[SourceTitle "Ajedrez en Madrid"]
[Source "lmi"]
[SourceDate "2022.11.20"]
[SourceVersion "1"]
[SourceVersionDate "2022.11.25"]
[SourceQuality "1"]
[WhiteTeam "Spain"]
[BlackTeam "China"]
[WhiteTeamCountry "ESP"]
[BlackTeamCountry "CHN"]

1. d4 Nf6 2. c4 e6 3. Nc3 d5 4. cxd5 exd5 5. Bg5 c6 6. e3 h6 7. Bh4 Be7 8. Bd3 O-O 9. Nge2 Ne8 10. Bg3 Nd6 11. Qc2 Re8 12. O-O Bf8 13. Nf4 a5 14. Rfe1 Na6 15. a3 Nc7 16. f3 Ne6 17. Nxe6 Bxe6 18. e4 Rc8 19. e5 c5 20. Bf2 Nc4 21. Bxc4 cxd4 22. Bb5 dxc3 23. Bxe8 Qxe8 24. bxc3 Rc4 25. Bd4 Qc8 26. Qb2 Bd7 27. h3 b5 28. Kh2 Qc6 29. Qf2 Ra4 30. Qg3 Bf5 31. Qh4 Qd7 32. g4 Bg6 33. Qf2 Bxa3 34. f4 Be4 35. f5 Bf8 36. Rxa4 bxa4 37. c4 Bb4 38. Re3 a3 39. c5 Qa4 40. e6 Bxc5 41. Bxc5 a2 42. Re1 a1=Q 43. Rxa1 Qxa1 44. e7 Qa4 45. Qb2 Kh7 46. Qd4 Qe8 47. Qe5 f6 48. Qb2 d4 49. Qxd4 Bc6 50. Qd8 Qf7 51. Qd6 Qa2+ 52. Kg3 Qg2+ 53. Kh4 Qe4 54. Qd4 Qxd4 55. Bxd4 1/2-1/2